00635nam a2200169 a 4500008004100000020001500041050001700056100002400073245002100097260003100118300001100149350000900160650002100169995012900190995012900319999001700448060316s1992 ||||||||||||||||| || u a0747511519 aPR 6068.O5B4 aRonan, Frank, 1963-14aThe better angel aLondon :bBloomsburyc1992 a179 p. a0.00 aENGLISH LANGUAGE aFICTION CollectionD0.00e726065FCBU-MAIN LIBRARY (Kitwe)H2I15.99jPR 6068.O5B4M1UAVAILABLEy011917ZFiction Collection aFICTION CollectionD0.00e726066FCBU-MAIN LIBRARY (Kitwe)H1I15.99jPR 6068.O5B4M1UAVAILABLEy011916ZFiction Collection c84616d84616